| 000 | 00434nam a2200157Ia 4500 | ||
|---|---|---|---|
| 999 |
_c8881 _d8881 |
||
| 020 | _a9788183877701 | ||
| 082 | _a305.80710954 TRI- | ||
| 245 | 0 | _aTribal education in India: issues and challenges | |
| 260 |
_aNew Delhi _bSerials Publications _c2016 |
||
| 300 | _axxi, 426p | ||
| 650 |
_aTribal education _vIndia |
||
| 650 |
_aIndia _vScheduled tribes |
||
| 650 |
_aTribes _veducation _zIndia |
||
| 700 | _aBhukya Devender | ||
| 942 | _cBK | ||